Science Quiz

Random Science or Math Quiz

5x5 Math Grid Puzzle Quiz Stats

 Plays Quiz Updated Mar 17, 2020

     
Support Sporcle.
Go Orange.
Score 0/10 Timer 05:00
0 Plays Today
% Correct
???
78.9%
???
76.8%
???
74.7%
???
73.4%
???
73.1%
???
71.4%
???
70.3%
???
70.1%
???
69.8%
???
63.6%

From the Vault

NCAA D-1 Nickname per State

by jmatt22397

Sports 4m
How come NCAA teams don't choose cuddly animals for their nicknames? We'd root for the Kittens if they existed.
Remove Ads.
Support Sporcle.
Get the best of Sporcle when you Go Orange. This ad-free experience offers more features, more stats, and more fun while also helping to support Sporcle. Thank you for becoming a member.

Show Comments

Extras

Top Quizzes Today


Score Distribution

Your Account Isn't Verified!

In order to create a playlist on Sporcle, you need to verify the email address you used during registration. Go to your Sporcle Settings to finish the process.

Report this User

Report this user for behavior that violates our Community Guidelines.

Details: